|
|
|
|
| LEADER |
00000cam a2200000 7i4500 |
| 001 |
0000003048 |
| 005 |
20040413.0 |
| 090 |
0 |
0 |
|a R THE583.624
|b HAH 1988
|
| 100 |
1 |
0 |
|a HAHN-SCHILLING
|h Bernd
|
| 245 |
1 |
0 |
|a Dryobalanops aromatica Gaertn. F and shorea parvifolia Dyer :
|b a silvicultural analysis of planted dipterocarpaceae stands on the Malaysian Peninsula
|c Bernd Hahn-Schilling
|
| 260 |
0 |
0 |
|a (Germany :
|b Georg August Universitat Gottingen) ,
|c 1988
|
| 300 |
|
|
|a iv, 141 p. ;
|c 30 cm.
|
| 500 |
0 |
0 |
|a Bibliography : p. 136-141
|
| 500 |
0 |
0 |
|a Thesis (Degree), Georg August Universitat Gottingen, Germany (1988)
|
| 650 |
0 |
0 |
|a Dipterocarpaceae
|z Peninsular Malaysia
|
| 650 |
0 |
0 |
|a Shorea
|z Peninsular Malaysia
|
| 998 |
|
|
|a JPSM
|
| 999 |
|
|
|a 0000004508
|b Monograph
|c Thesis
|e Default branch
|